000 01274nam a22002417a 4500
999 _c21963
_d21963
003 AR-CdUCM
008 190425b ||||| |||| 00| 0 spa d
040 _aMUNICIPALIDAD PROVINCIAL DEL CUSCO
_cBIBLIOTECA MUNICIPAL DEL CUSCO
082 _aEleconom/N°1/1990
110 _aUniversidad Nacional de San Antonio Abad del Cusco
_915942
245 _aEl Economista /
_cDirección del Programa Académico de Economía
260 _aCusco :
_bDirección del Programa Académico de Economía,
_c1990
300 _a18 páginas. :
_c29 cm.
440 _aEl Economista.
_nNúmero 1, año 1990
_947007
505 _aContenido: Revisión del estudio tarifario del suministro de energía eléctrica. -- Camisea y perfeccionamiento de la ley de hidrocarburos. -- Inti envilecido. -- Cronología histórica de la facultad de economía. -- Miembros del Consejo de Facultad. -- Relación de titulados en la facultad de Economía. -- Ley de tricentenario de la universidad Nacional San Amonio Abad del Cusco año 1992. -- Relación de docentes de la facultad de Economía
650 _aEconomía
_9382
650 _aEnergía Eléctrica
_918729
650 _aHidrocarburos
_93283
700 _aPaliza Gallegos, Luis
_947006
942 _2ddc
_cPP
945 _avhl